Principles of microeconomics

Enregistré dans:
Détails bibliographiques
Auteur principal:  Frank, Robert H
Format: Sách
Langue:Undetermined
Publié:  McGraw-Hill/Irwin  2011
Sujets:
Tags: Ajouter un tag
Pas de tags, Soyez le premier à ajouter un tag!
Thư viện lưu trữ: Trung tâm Thư viện - Trường Đại học Công nghiệp TP. Hồ Chí Minh
LEADER 00474nam a2200157Ia 4500
001 UIH_05787
008 231011s9999 xx 000 0 und d
082 |a  338.5 
100 |a  Frank, Robert H 
245 0 |a  Principles of microeconomics 
245 0 |c  Frank, Robert H 
260 |b  McGraw-Hill/Irwin 
260 |c  2011 
650 |a  Kinh tế vi mô;  
927 |a Sách 
980 |a Trung tâm Thư viện - Trường Đại học Công nghiệp TP. Hồ Chí Minh